000
00207 a2200097 4500
001
11837
100
_a
Kolarz, W.
245
_a
How Russia is ruled
260
_a
_b
Batchworth, Press
_c
090
_c
9093
_d
9093
942
_a
NUST-CAE
_c
M
_c
35926
999
_c
246910
_d
246910